000 00591nam a2200181 i 4500
001 142747
003 ES-MaACL
005 20230906200619.0
007 t|
008 071009s1970 sp ||||1| spa d
245 0 1 _a[Catedral de Tarragona] /
_ctexto: Francesc Vicens ; fotos Joaquin Gomis ; selección y secuencia J. Prats Vallés.
260 _aBarcelona :
_bPolígrafa,
_c[1970]
300 _a60 p., 240 lám. ;
_c21 cm.
700 1 _aVicens, Francesc.
_9114313
700 0 _aGomis, Joaquín.
_958209
700 1 _aPrats Vallès, Joan.
_993709
852 _aES-MaACL
_jC-38982
_bR.73504
999 _c142747
_d142747